Квиз о Француској - Statistics

General Stats
  • This quiz has been taken 885 times
  • The average score is 11 of 20
Answer Stats
Опис Одговор % Correct
Главни град Париз
100%
Најпосећенији музеј света Лувр
85%
Трећи највећи град Марсеј
78%
Владар са најдужом владавином Луј XIV
72%
Други највећи град Лион
71%
Кула изграђена за светску изложбу 1889. {Ајфелова} Кула
68%
Регија Француске у Јужној Америци Француска Гијана
61%
Позната бициклистичка трка Тур де Франс
58%
Најдужа река целим током у Француској Лоара
54%
...и палата у којој је живео Версај
54%
Затвор у Паризу, заузет 14. Јула 1789. Бастиља
54%
Највиши врх Мон Блан
51%
Римски назив за Француску Галија
51%
Регија Француске у којој се десила инвазија на Дан Д Нормандија
51%
Авенија у којој се ова трка завршава {Јелисејска} Поља
47%
Династија из које потиче Бурбон
37%
Револуционарни слоган: Слобода, једнакост, ______ Братство
34%
Познате француске новине чије име значи "Свет" Ле монд
25%
Симбол на француском грбу Љиљан
21%
Жена персонификација Француске Маријана
13%
No matching quizzes found
Score Distribution
Percent of People with Each Score
Percentile by Number Answered
Your Score History
You have not taken this quiz